000 00755nam a2200241Ia 4500
003 GCL
008 140319s9999 xx 000 0 ara d
040 _aGCL /
_cGCL
082 0 4 _a539.14
_bب ت
100 1 _aسيد رمضان هدارة (مترجم)
245 1 0 _aتجارب فى الذريات /
_cسيد رمضان هدارة (مترجم)
700 1 _aمحمود مختار
700 1 _aبيلز، نلسن ف
700 1 _aبرانلى، فرانكلين . م
300 _a190 ص
490 _aالالف كتاب
_v0
650 0 4 _aالالكترونات
650 0 4 _aالفيزياء النووية
650 0 4 _aالنيوترونات
650 0 4 _aالبروتونات
650 0 4 _aالذرات، تجارب
942 _2ddc
_cBK
999 _c45216
_d45216